000 00792nam a2200241 u 4500
005 20220916063544.0
008 120824s2006 r 000 0 eng d
020 _a9702214483
035 _aUPN01000186344
049 _aI
050 4 _aPZ74
_bH3.3
245 0 0 _aHadas y princesas /
_ced. Tomás García ; il. Elène Usdin.
260 _aMéxico :
_bLarousse,
_c2006.
300 _a33 p. :
_bprincipalmente il. col
440 0 _aMi pequeña enciclopedia.
_pA partir de 3 años
534 _pTitulo original:
_tMes petites encyclopédies Larousse-Princesses et fées
650 4 _aHADAS
_913686
650 4 _aPRINCESAS -
_vLITERATURA INFANTIL
_911041
650 7 _aLibros ilustrados para niños
_2
_921365
700 1 _aGarcía, Tomás,
_eed.
905 _aInfantil
999 _c158447
_d158447